Months of the Jewish Calendar - Statistics

General Stats
  • This quiz has been taken 213 times
  • The average score is 9 of 12
Answer Stats
Month Holidays/Holy Days Answer % Correct
1 Rosh Hashanah Tishrei
85%
3 Hanukkah Kislev
84%
7 Pesach Nisan
82%
11 The 9th of 'Answer' Av
81%
6 Purim Adar
78%
5 The 15th of 'Answer' Shvat
72%
12 - Elul
71%
10 The 17th of 'Answer' Tammuz
70%
2 - Marcheshvan
65%
9 Shavuot Sivan
63%
4 The 10th of 'Answer' Tevet
63%
8 Lag B'Omer Iyar
62%
No matching quizzes found
Score Distribution
Percent of People with Each Score
Percentile by Number Answered
Your Score History
You have not taken this quiz